[Event "Gibtelecom Masters"]
[Site "Gibraltar ENG"]
[Date "2006.01.26"]
[Round "3"]
[White "Shirov,A"]
[Black "Dunn,Al"]
[Result "1-0"]
[WhiteElo "2709"]
[BlackElo "2076"]

1.d4 Nf6 2.c4 g6 3.Nc3 Bg7 4.e4 d6 5.Be2 O-O 6.Nf3 e5 7.O-O Nc6 8.d5 Ne7
9.Nd2 Nd7 10.b4 a5 11.bxa5 Rxa5 12.Nb3 Ra8 13.a4 f5 14.a5 Rf7 15.f3 Bf8 16.Be3 Kh8
17.c5 Ng8 18.c6 bxc6 19.dxc6 Ndf6 20.a6 f4 21.Bf2 Rg7 22.a7 g5 23.g4 fxg3
24.hxg3 g4 25.f4 exf4 26.Bd4 f3 27.Bc4 Rg5 28.e5 Bg7 29.exf6 Nxf6 30.Re1 d5
31.Nxd5 Nxd5 32.Ra5 h5 33.Rxd5 Rxd5 34.Bxd5 Qd6 35.Re8+ Kh7 36.Be4+  1-0

[Event "Gibtelecom Masters"]
[Site "Gibraltar ENG"]
[Date "2006.01.26"]
[Round "3"]
[White "Groffen,H"]
[Black "Pavlovic,Milo"]
[Result "1/2-1/2"]
[WhiteElo "2185"]
[BlackElo "2494"]

1.d4 g6 2.c4 Bg7 3.Nf3 d6 4.e4 Nf6 5.Nc3 O-O 6.Be2 e5 7.O-O Nc6 8.d5 Ne7
9.b4 Nh5 10.Re1 a5 11.Ba3 axb4 12.Bxb4 Nf4 13.Bf1 Bg4 14.h3 Bxf3 15.Qxf3 c5
16.dxc6 Nxc6 17.a3 Ne6 18.Nd5 f5 19.Rad1 Ng5 20.Qb3 Nxe4 21.Nb6 Rb8 22.f3 Kh8
23.c5 Nf6 24.Rxd6 Qc7 25.Nd5 Nxd5 26.Qxd5 e4 27.fxe4 Rbe8 28.Qd2 fxe4 29.Bb5 Nxb4
30.axb4 Re7 31.Rf1 Rxf1+ 32.Bxf1 Re8 33.Bb5 Rf8 34.Qd5 e3 35.Qe4 b6 36.Qxe3 bxc5
37.bxc5 Qa7 38.Ra6 Qb8 39.Rb6 Qa7 40.Ra6 Qb8 41.Rb6 Qa7 42.Ra6  1/2-1/2

[Event "II Open del Mercantil"]
[Site "Sevilla ESP"]
[Date "2006.01.26"]
[Round "7"]
[White "Kononenko,T"]
[Black "Matamoros Franco,C"]
[Result "0-1"]
[WhiteElo "2417"]
[BlackElo "2510"]

1.d4 Nf6 2.c4 g6 3.Nc3 Bg7 4.e4 d6 5.Nf3 O-O 6.Be2 e5 7.O-O Nc6 8.d5 Ne7
9.b4 Kh8 10.c5 Nh5 11.Re1 f5 12.Nd2 Nf4 13.Bc4 Ng8 14.Kh1 Nh6 15.f3 Nh5 16.a4 f4
17.Ba3 g5 18.Be2 g4 19.fxg4 Ng3+ 20.Kg1 Nxe2+ 21.Qxe2 Nxg4 22.Nf3 Rg8 23.Nd1 Qe8
24.b5 Qg6 25.Ra2 Bf8 26.Rc2 Nf6 27.Nc3 Bg4 28.Kh1 Qh5  0-1

[Event "Gibtelecom Masters"]
[Site "Gibraltar ENG"]
[Date "2006.01.27"]
[Round "4"]
[White "Castilla Ayllon,J"]
[Black "Elamri,L"]
[Result "0-1"]
[WhiteElo "2012"]
[BlackElo "1921"]

1.d4 Nf6 2.c4 g6 3.Nc3 Bg7 4.e4 d6 5.Nf3 O-O 6.Be2 e5 7.O-O Nc6 8.d5 Ne7
9.Ne1 Ne8 10.Be3 f5 11.f3 f4 12.Bf2 g5 13.Nd3 Rf7 14.Rc1 Bf8 15.c5 Kh8 16.cxd6 cxd6
17.a4 h5 18.Nb5 a6 19.Na3 Rg7 20.Nc4 Ng8 21.Rc3 g4 22.Nb6 g3 23.Nxa8 gxf2+
24.Rxf2 Bd7 25.Qb3 Qxa8 26.Qb6 Be7 27.b3 Bd8 28.Qb4 a5 29.Qa3 Bb6 30.Nb2 Qa7
31.Nd1 Bh3 32.Bf1 h4 33.Rc8 Bxc8  0-1

[Event "14th FAJR Open"]
[Site "Tehran IRI"]
[Date "2006.01.27"]
[Round "4"]
[White "Afshari,M"]
[Black "Hosseinzadeh,M"]
[Result "0-1"]
[WhiteElo "2258"]
[BlackElo "1880"]

1.Nf3 Nf6 2.c4 g6 3.Nc3 Bg7 4.e4 d6 5.d4 O-O 6.Be2 e5 7.O-O Nc6 8.d5 Ne7
9.b4 Ne8 10.c5 f5 11.Nd2 f4 12.Bg4 Nf6 13.Bxc8 Rxc8 14.Nc4 g5 15.f3 h5 16.Ba3 Ne8
17.Na5 Rb8 18.Rc1 Ng6 19.b5 Nh8 20.Nc4 Rf6 21.b6 axb6 22.cxb6 cxb6 23.Qb3 g4
24.Qxb6 Qe7 25.Nb5 Nf7 26.Nd2 Ra8 27.Na7 Rg6 28.Rc2 Ng5 29.Rb2 gxf3 30.Nxf3 Nxe4
31.Qxb7 Rxa7 32.Qxe7 Rxe7 33.Rb8 Kh7 34.Bb4 N8f6 35.Re1 Rc7 36.a3 Rc2 37.Nh4 f3  0-1

[Event "11th HIT Open A"]
[Site "Nova Gorica SLO"]
[Date "2006.01.29"]
[Round "5"]
[White "Nikolov,Sas"]
[Black "Srebrnic,A"]
[Result "0-1"]
[WhiteElo "2381"]
[BlackElo "2291"]

1.c4 Nf6 2.Nc3 g6 3.d4 Bg7 4.e4 d6 5.Nf3 O-O 6.Be2 e5 7.O-O Nc6 8.d5 Ne7
9.Nd2 a5 10.a3 Bd7 11.b3 Nc8 12.Qc2 Bh6 13.Bb2 Nb6 14.Rfd1 Qe7 15.Nf1 Bf4
16.Ng3 Kg7 17.Bf1 h5 18.Nb5 Rh8 19.Ne2 Bxh2+ 20.Kh1 Ng4 21.Rd3 Qh4 22.Rh3 Nxf2+
23.Kxh2 Bxh3 24.gxh3 Ng4+ 25.Kh1 Ne3 26.Qb1 Qf2 27.Nxc7 Ng4 28.Bg2 Qxe2 29.Nxa8 Ne3
30.Qg1 Rxa8 31.Ra2 Qd3 32.c5 Nd7 33.c6 bxc6 34.dxc6 Nf6 35.Bc1 Nxg2 36.Kxg2 Qxe4+
37.Kh2 Qxc6 38.Qe3 Ng8 39.Rg2 Rc8 40.Bd2 Qd5 41.Qb6 Nh6 42.Qxa5 Qxb3 43.Bxh6+ Kxh6
44.Qd2+ Kh7 45.Qxd6 Rc3 46.Qd7 Rd3 47.Qc8 Qxa3 48.Rf2 Rf3 49.Rd2 Qe3  0-1

[Event "14th FAJR Open"]
[Site "Tehran IRI"]
[Date "2006.01.29"]
[Round "8"]
[White "Abbasov,F"]
[Black "Toufighi,H"]
[Result "1-0"]
[WhiteElo "2462"]
[BlackElo "2335"]

1.Nf3 Nf6 2.c4 g6 3.Nc3 Bg7 4.e4 d6 5.d4 O-O 6.Be2 e5 7.O-O Nc6 8.d5 Ne7
9.b4 Nh5 10.g3 f5 11.Ng5 Nf6 12.f3 c6 13.Kg2 h6 14.Ne6 Bxe6 15.dxe6 Qc7 16.b5 Rfd8
17.bxc6 bxc6 18.Be3 Kh8 19.Rb1 Qc8 20.Qa4 Qxe6 21.Rb7 Rd7 22.Rxd7 Nxd7 23.Rd1 Nb6
24.Qa6 c5 25.Nb5 Nxc4 26.Bxc5 Rc8 27.Bf2 fxe4 28.fxe4 Rc6 29.Qxa7 Kh7 30.Rc1 Nd2
31.Rxc6 Nxc6 32.Qb7 d5 33.Nc7 Qd7 34.exd5 Nd4 35.Bxd4 exd4 36.d6 Be5 37.Qd5 Bxd6
38.Ne6 Qe7 39.Bd3 Qf6 40.Nxd4 Be5 41.Ne6 h5 42.h4 Bb8 43.Qxh5+  1-0

[Event "ch-Kyiv"]
[Site "Kyiv UKR"]
[Date "2006.02.01"]
[Round "10"]
[White "Kruglyakov,P"]
[Black "Solomaha,A"]
[Result "1-0"]
[WhiteElo "2238"]
[BlackElo "2379"]

1.d4 Nf6 2.c4 g6 3.Nc3 Bg7 4.Nf3 O-O 5.e4 d6 6.Be2 e5 7.O-O Nc6 8.d5 Ne7
9.b4 Nh5 10.Re1 Nf4 11.Bf1 a5 12.Ba3 axb4 13.Bxb4 b6 14.a4 f5 15.Nd2 Bh6
16.Nb5 Bd7 17.g3 Nh5 18.a5 bxa5 19.Rxa5 c5 20.dxc6 Rxa5 21.Bxa5 Qxa5 22.Nb3 Qb6
23.cxd7 fxe4 24.c5 dxc5 25.Bc4+ Kg7 26.Rxe4 Nf6 27.Rxe5 Nc6 28.Re6 Rd8 29.Qd6 Rxd7
30.Qxc6 Qxc6 31.Rxc6 Ne4 32.Nxc5 Nxc5 33.Rxc5 Bd2 34.Rd5 Rxd5 35.Bxd5  1-0

[Event "ch-GER"]
[Site "Osterburg GER"]
[Date "2006.02.03"]
[Round "1"]
[White "Meins,G"]
[Black "Huschenbeth,N"]
[Result "1/2-1/2"]
[WhiteElo "2446"]
[BlackElo "2287"]

1.d4 Nf6 2.c4 g6 3.Nc3 Bg7 4.e4 d6 5.Be2 O-O 6.Nf3 e5 7.O-O Nc6 8.d5 Ne7
9.b4 a5 10.Ba3 b6 11.bxa5 Nh5 12.g3 f5 13.Bb4 bxa5 14.Ba3 Nf6 15.c5 fxe4
16.cxd6 cxd6 17.Ng5 e3 18.Ne6 Bxe6 19.dxe6 Nf5 20.Nd5 exf2+ 21.Rxf2 Ne4 22.e7 Nxe7
23.Nxe7+ Kh8 24.Rxf8+ Qxf8 25.Nd5 Qf2+ 26.Kh1 Qf7 27.Qb3 a4 28.Qb5 Qf5 29.Kg2 Qf2+
30.Kh1 Qf5 31.Kg2 Qf2+  1/2-1/2

[Event "TCh-NED 2005-6"]
[Site "Netherlands NED"]
[Date "2006.02.04"]
[Round "6"]
[White "Van Wely,L"]
[Black "Pruijssers,R"]
[Result "1-0"]
[WhiteElo "2647"]
[BlackElo "2319"]

1.d4 Nf6 2.c4 g6 3.Nc3 Bg7 4.e4 d6 5.Nf3 O-O 6.Be2 e5 7.O-O Nc6 8.d5 Ne7
9.b4 Nh5 10.g3 f5 11.Ng5 Nf6 12.f3 f4 13.Kg2 c6 14.Qb3 h6 15.Ne6 Bxe6 16.dxe6 Qc8
17.Rd1 Rd8 18.c5 d5 19.exd5 Nfxd5 20.Ne4 Qxe6 21.g4 Kh8 22.Kh1 Ng8 23.Bb2 Ngf6
24.g5 Nxe4 25.fxe4 Nc7 26.gxh6 Bf6 27.Bc4 Qg4 28.Rd6 Ne8 29.Rxf6 Nxf6 30.Bxe5 Rf8
31.Qc3 Qh4 32.Rf1 Kh7 33.Bd6 Qxh6 34.Rxf4 Nd5 35.Rxf8 Nxc3 36.Rf7+ Kg8 37.Rf4+ Kh7
38.Rf7+ Kg8 39.Be6 Nxe4 40.Rxb7+  1-0

[Event "TCh-BEL 2005-6"]
[Site "Belgium BEL"]
[Date "2006.02.05"]
[Round "8"]
[White "Chuchelov,V"]
[Black "Sadkowsky,D"]
[Result "1-0"]
[WhiteElo "2534"]
[BlackElo "2304"]

1.Nf3 Nf6 2.c4 g6 3.Nc3 Bg7 4.e4 d6 5.d4 O-O 6.Be2 e5 7.O-O Nc6 8.d5 Ne7
9.Nd2 c5 10.Rb1 Ne8 11.b4 b6 12.bxc5 bxc5 13.Nb3 f5 14.Bg5 a5 15.f3 h6 16.Bd2 a4
17.Nc1 Bd7 18.Nd3 Nf6 19.Rb7 Qc8 20.Qb1 Rb8 21.Rxb8 Qxb8 22.Nf2 Qa7 23.Qc2 Rb8
24.Rb1 Rxb1+ 25.Qxb1 Ne8 26.Bd3 f4 27.g3 g5 28.Bf1 Nc8 29.Nb5 Qa6 30.Bh3 Bxh3
31.Nxh3 Bf6 32.Nf2 Bd8 33.Qf1 Nb6 34.Bc3 Bf6 35.Qh3 Nxc4 36.Qe6+ Kf8 37.Qxe8+ Kxe8
38.Nc7+ Kd7 39.Nxa6 Kc8 40.Nd3 Be7 41.gxf4 gxf4 42.Kf2 Kb7 43.Naxc5+ dxc5
44.Bxe5 Nxe5 45.Nxe5 Kb6 46.Ke2  1-0

[Event "TCh-BEL 2005-6"]
[Site "Belgium BEL"]
[Date "2006.02.05"]
[Round "8"]
[White "Docx,S"]
[Black "Smits,Mar"]
[Result "1-0"]
[WhiteElo "2321"]
[BlackElo "2259"]

1.d4 Nf6 2.c4 g6 3.Nc3 Bg7 4.e4 d6 5.Be2 O-O 6.Nf3 e5 7.O-O Nc6 8.d5 Ne7
9.b4 Nh5 10.Re1 h6 11.Nd2 Nf4 12.Bf1 f5 13.a4 a5 14.bxa5 Rxa5 15.Ba3 b6 16.Bb4 Ra6
17.Nb5 fxe4 18.Nxe4 Nf5 19.g3 Nh5 20.Bg2 Nd4 21.Bc3 Nxb5 22.cxb5 Ra7 23.a5 bxa5
24.Bxa5 Bf5 25.Qb3 Qa8 26.Bc3 Rxa1 27.Rxa1 Qb7 28.b6 Rb8 29.Rb1 Qxb6 30.Qxb6 cxb6
31.Bb4 Bf8 32.Rd1 Bxe4 33.Bxe4 Kf7 34.Rc1 Rb7 35.Rc6 Nf6 36.Bc2 Ne8 37.Rc8 g5
38.Bd1 Nf6 39.Kg2 Be7 40.Ba4 b5 41.Bb3 Ne8 42.Rc6 Kg7 43.Kf3 h5 44.h3 Bf8
45.Ke2 g4 46.hxg4 hxg4 47.Ke3 Rf7 48.Ke2 Rf3 49.Bc2 Be7 50.Rb6 Nf6 51.Rxb5 e4
52.Bd2 Ra3 53.Bb3 Ra1 54.Bc3 Rb1 55.Bc4 Rxb5 56.Bxb5 Kg6 57.Bc6 Kf5 58.Ke3 Bd8
59.Bd4 Be7 60.Bb7 Kg5 61.Bc6 Kf5 62.Kd2 Bd8 63.Bb7 Ba5+ 64.Ke3 Bd8 65.Bc8+ Kg5
66.Be6 Be7 67.Bb6 Bf8 68.Bd8 Kg6 69.Kd4 Bg7 70.Ke3 Bh6+ 71.Ke2 Bf8 72.Bb6 Be7
73.Ke3 Bf8 74.Kd4 Bh6 75.Ba5 Kh5 76.Bf7+  1-0

[Event "ch-GER"]
[Site "Osterburg GER"]
[Date "2006.02.05"]
[Round "3"]
[White "Meins,G"]
[Black "Bischoff,D"]
[Result "1-0"]
[WhiteElo "2446"]
[BlackElo "2147"]

1.d4 Nf6 2.c4 g6 3.Nc3 Bg7 4.e4 d6 5.Be2 O-O 6.Nf3 e5 7.O-O Nc6 8.d5 Ne7
9.b4 Kh8 10.c5 Neg8 11.cxd6 cxd6 12.Nd2 Ne8 13.Nc4 f5 14.exf5 gxf5 15.a4 f4
16.Ra3 Ngf6 17.Bf3 Bf5 18.Qe2 Rg8 19.Kh1 Bf8 20.g3 Ng4 21.Be4 Qg5 22.Bxf5 Qxf5
23.Ne4 Rg6 24.f3 Ngf6 25.gxf4 exf4 26.Bb2 Bg7 27.Ncxd6 Nxd6 28.Nxd6 Qxd5
29.Rd3 Qg8 30.Nf5 Nh5 31.Nxg7 Nxg7 32.Rd7 Re8 33.Qd3 Qe6 34.Rxg7 Rxg7 35.Rg1 Rg8
36.Rxg7 Rxg7 37.Qd8+ Qg8 38.Qe7  1-0

[Event "FSGM February"]
[Site "Budapest HUN"]
[Date "2006.02.06"]
[Round "3"]
[White "Radziewicz,I"]
[Black "Antic,De"]
[Result "1-0"]
[WhiteElo "2421"]
[BlackElo "2505"]

1.d4 Nf6 2.Nf3 g6 3.c4 Bg7 4.Nc3 d6 5.e4 O-O 6.Be2 e5 7.O-O Nc6 8.d5 Ne7
9.Ne1 Nd7 10.Be3 f5 11.f3 f4 12.Bf2 g5 13.g4 h5 14.h3 Rf6 15.Nd3 Rh6 16.c5 Nf6
17.Kg2 Ng6 18.Rh1 Bf8 19.a4 Kg7 20.a5 dxc5 21.Nxc5 Bxc5 22.Bxc5 hxg4 23.hxg4 Rxh1
24.Qxh1 Bd7 25.Kf2 b6 26.Bb4 bxa5 27.Bc5 Rb8 28.Rxa5 Rxb2 29.Qa1 Rb8 30.Rxa7 Qh8
31.Ke1 Qh2 32.Nd1 Bxg4 33.Rxc7+ Kh6 34.Qa6 Nd7 35.Ba7 Bxf3 36.Bxf3 Qg3+ 37.Kd2 Rb3
38.Rc6 Nf8 39.Bc5 Qh2+ 40.Qe2 Qxe2+ 41.Bxe2 Nd7 42.Ba7 f3 43.Bc4 Ra3 44.Be3 Kh5
45.Rd6 Ndf8 46.Rf6 g4 47.d6 Nd7 48.Rf7 Ngf8 49.Bb5 Kg6 50.Rf5 Nf6 51.Rg5+ Kf7
52.Bc4+ Ke8 53.Rxe5+ Kd7 54.Bc5 Ng6 55.Bb5+ Kc8 56.Re8+  1-0

[Event "TCh-FIN 2005-6"]
[Site "Turku FIN"]
[Date "2006.02.11"]
[Round "7"]
[White "Johansson,Ju"]
[Black "Sorsa,N"]
[Result "0-1"]
[WhiteElo "2118"]
[BlackElo "2222"]

1.d4 Nf6 2.c4 g6 3.Nc3 Bg7 4.e4 d6 5.Be2 O-O 6.Nf3 e5 7.O-O Nc6 8.d5 Ne7
9.Nd2 a5 10.a3 Nd7 11.Rb1 f5 12.f3 Bh6 13.Qc2 Be3+ 14.Kh1 f4 15.b4 a4 16.c5 dxc5
17.Nc4 Bd4 18.Nb5 Rf6 19.bxc5 Nxc5 20.Nxd4 exd4 21.Nd2 Nb3 22.Bc4 Kg7 23.Nxb3 axb3
24.Bxb3 b6 25.Bb2 c5 26.dxc6 Nxc6 27.Bd5 Bb7 28.Qd2 Ra4 29.Rfd1 g5 30.Bxc6 Rxc6
31.Bxd4+ Kg6 32.Qb2 Rd6 33.e5 Rdxd4 34.Qc2+ Be4 35.fxe4 Rac4 36.Qe2 Qc7 37.Rxd4 Rxd4
38.h4 Qxe5 39.Qg4 Rd6 40.a4 h5 41.Qe2 g4 42.Qc4 g3 43.Qg8+ Qg7 44.Qb8 Qf6
45.Qg8+ Kh6 46.Qg5+ Qxg5 47.hxg5+ Kxg5 48.Kg1 Rd4 49.e5 Rxa4 50.Kf1 Kf5 51.Rxb6 Ra1+
52.Ke2 Kxe5 53.Rb5+ Ke4 54.Rxh5 Rg1 55.Rh8 Rxg2+ 56.Ke1 Ra2 57.Rb8 g2 58.Rg8 Kf3
59.Rg7 Ra1+ 60.Kd2 g1=Q  0-1

[Event "Festival de Meurthe-et-Moselle A"]
[Site "Nancy FRA"]
[Date "2006.02.25"]
[Round "8"]
[White "Brunner,N"]
[Black "Helstroffer,A"]
[Result "1/2-1/2"]
[WhiteElo "2395"]
[BlackElo "2296"]

1.d4 Nf6 2.c4 g6 3.Nc3 Bg7 4.e4 d6 5.Nf3 O-O 6.Be2 e5 7.O-O Nc6 8.d5 Ne7
9.Ne1 Nd7 10.Be3 f5 11.f3 f4 12.Bf2 g5 13.a4 a5 14.Nd3 b6 15.Be1 Nf6 16.Nf2 h5
17.h3 Kh8 18.Nb5 Neg8 19.b4 Nh6 20.bxa5 bxa5 21.c5 Rf7 22.cxd6 cxd6 23.Rc1 Bf8
24.Rc4 g4 25.Qc2 Rg7 26.hxg4 hxg4 27.Nc7 g3 28.Nxa8  1/2-1/2

[Event "2nd Bundesliga Ost 2005-6"]
[Site "Austria AUT"]
[Date "2006.02.26"]
[Round "9"]
[White "Lovrinovic,C"]
[Black "Herbst,D"]
[Result "1-0"]
[WhiteElo "2184"]
[BlackElo "2219"]

1.d4 Nf6 2.c4 g6 3.Nc3 Bg7 4.e4 O-O 5.Nf3 d6 6.Be2 e5 7.O-O Nc6 8.d5 Ne7
9.b4 Ne8 10.c5 c6 11.Bc4 cxd5 12.Nxd5 Nxd5 13.Bxd5 Qe7 14.Bg5 Bf6 15.Bxf6 Qxf6
16.c6 bxc6 17.Bxc6 Rb8 18.b5 Bg4 19.Qd3 Bxf3 20.Qxf3 Qxf3 21.gxf3 Nc7 22.a4 Ne6
23.Rfd1 Nd4 24.Rxd4 exd4 25.Rd1 Rfd8 26.a5 Kf8 27.Rxd4 Ke7 28.Kf1 Rdc8 29.Rc4 h5
30.f4 f6 31.Ke2 g5 32.Ke3 g4 33.Kd4 h4 34.a6 Rg8 35.Bd5 Rgc8 36.Rxc8 Rxc8
37.b6 axb6 38.a7 g3 39.fxg3  1-0

[Event "TCh-HUN 2005-6"]
[Site "Hungary HUN"]
[Date "2006.02.26"]
[Round "8"]
[White "Petran,Pa"]
[Black "Hazai,L"]
[Result "1/2-1/2"]
[WhiteElo "2426"]
[BlackElo "2425"]

1.d4 Nf6 2.c4 g6 3.Nc3 Bg7 4.e4 d6 5.Be2 O-O 6.Nf3 e5 7.O-O Nc6 8.d5 Ne7
9.Nd2 a5 10.a3 Nd7 11.Rb1 f5 12.b4 Kh8 13.Qc2 Ng8 14.f3 Ngf6 15.Na4 axb4  1/2-1/2

[Event "1st ONGC Cup"]
[Site "Hyderabad IND"]
[Date "2006.03.03"]
[Round "8"]
[White "Thejkumar,M"]
[Black "Ramu,K"]
[Result "0-1"]
[WhiteElo "2384"]
[BlackElo "2217"]

1.d4 Nf6 2.Nf3 g6 3.c4 Bg7 4.Nc3 O-O 5.e4 d6 6.Be2 e5 7.O-O Nc6 8.d5 Ne7
9.b4 Nh5 10.Re1 f5 11.Ng5 Nf6 12.f3 Kh8 13.Be3 Bh6 14.h4 f4 15.Bf2 Bxg5 16.hxg5 Nh5
17.c5 Ng8 18.Qd2 h6 19.Rec1 Rf7 20.Rc2 hxg5 21.Rac1 g4 22.Kf1 Ng3+ 23.Bxg3 fxg3
24.Qe3 a6 25.Ke1 gxf3 26.gxf3 Qh4 27.Kd2 Nf6 28.cxd6 cxd6 29.Na4 Bd7 30.Nb6 Raf8
31.Rg1 Kg7 32.Nc4 Ne8 33.Rcc1 Bb5 34.Rh1 Qf4 35.Na5 Nf6 36.Nb3 Rh8 37.Nd4 Bd7
38.a4 g5 39.b5 a5 40.b6 Rff8 41.Bb5 Rxh1 42.Rxh1 Rh8 43.Rg1 Rh2+ 44.Kd3  0-1

[Event "1st ONGC Cup"]
[Site "Hyderabad IND"]
[Date "2006.03.05"]
[Round "10"]
[White "Kamble,V"]
[Black "Matta,V"]
[Result "0-1"]
[WhiteElo "2403"]
[BlackElo "2193"]

1.Nf3 Nf6 2.c4 g6 3.Nc3 Bg7 4.e4 d6 5.d4 O-O 6.Be2 e5 7.O-O Nc6 8.d5 Ne7
9.b4 a5 10.bxa5 Rxa5 11.a4 Ne8 12.Ba3 b6 13.Bb4 Ra8 14.Nb5 f5 15.Nd2 Rf7
16.Bf3 Nf6 17.a5 bxa5 18.Rxa5 Rb8 19.Ra7 Bb7 20.Qe2 Nc8 21.Ra3 Bh6 22.Rd1 Bxd2
23.Rxd2 fxe4 24.Bxe4 Nxe4 25.Qxe4 Rf4 26.Qe2 Nb6 27.Ba5 Rxc4 28.Bxb6 Rc1+
29.Rd1 Rxd1+ 30.Qxd1 cxb6 31.h3 Ra8 32.Rc3 Rc8 33.Rf3 Rc5 34.Nc3 Qc7 35.Qd2 Rc4
36.Kh2 e4 37.Re3 Qe7 38.f4 Qf6 39.Nxe4 Qxf4+ 40.Ng3 Re4 41.Re2 Qxd2 42.Rxd2 Re5
43.Rb2 Bxd5 44.Rxb6 Re6 45.Ra6 Kf7 46.Kg1 h5 47.Ra7+ Kf6 48.Kf2 Bc4 49.h4 d5
50.Rd7 Ke5 51.Ke3 Bb5 52.Rd8 Ra6 53.Rb8 d4+ 54.Kf2 Ra2+ 55.Ke1 Bc6 56.Rg8 d3
57.Rd8 Bd5 58.Nf1 Re2+ 59.Kd1 Bb3+ 60.Kc1 Rc2+ 61.Kb1 Re2 62.Kc1 Re1+ 63.Kb2 Rxf1
64.Kxb3 Ke4 65.Re8+ Kd4 66.Rd8+ Ke3 67.Re8+ Kd2 68.Kb2 Rf4 69.Re6 Rb4+ 70.Ka3 Rg4
71.Kb3 Rxg2 72.Rd6 Rg4  0-1

[Event "1st ONGC Cup"]
[Site "Hyderabad IND"]
[Date "2006.03.05"]
[Round "10"]
[White "Laxman,R"]
[Black "Prakash,R"]
[Result "1-0"]
[WhiteElo "2418"]
[BlackElo "2183"]

1.Nf3 Nf6 2.c4 g6 3.Nc3 Bg7 4.d4 O-O 5.e4 d6 6.Be2 e5 7.O-O Nc6 8.d5 Ne7
9.b4 a5 10.Ba3 Nh5 11.c5 f5 12.bxa5 Rxa5 13.Bb4 Ra8 14.Nb5 dxc5 15.Bxc5 Nf6
16.Bc4 Kh8 17.d6 cxd6 18.Nxd6 Qc7 19.Bb4 Nxe4 20.Nf7+ Rxf7 21.Bxf7 Nc6 22.Qb3 Nxb4
23.Rac1 Nc6 24.Nh4 Bf6 25.Nf3 Nd6 26.Bd5 e4 27.Nd2 Qa5 28.Bxc6 bxc6 29.Rfd1 Qa6
30.Qb4 c5 31.Rxc5 Be6 32.Rdc1 Nf7 33.Rc6 Qxa2 34.Rc8+ Rxc8 35.Rxc8+  1-0

[Event "XXII Open"]
[Site "Reykjavik ISL"]
[Date "2006.03.08"]
[Round "3"]
[White "Bjornsson,Sv"]
[Black "Krockenberger,M"]
[Result "0-1"]
[WhiteElo "2108"]
[BlackElo "2267"]

1.d4 Nf6 2.c4 g6 3.Nc3 Bg7 4.Nf3 O-O 5.e4 d6 6.Be2 e5 7.O-O Nc6 8.d5 Ne7
9.Ne1 Nd7 10.f3 f5 11.g4 Kh8 12.h4 Ng8 13.g5 f4 14.Kg2 h6 15.Rh1 Rf7 16.Nd3 Bf8
17.Qg1 Rh7 18.Kf1 hxg5 19.hxg5 Rxh1 20.Qxh1+ Kg7 21.Qg1 Be7 22.b4 Bxg5 23.Nb5 Bh4
24.Qh1 Bg3 25.c5 Ndf6 26.Bb2 Bd7 27.Na3 Qe7 28.Nc4 Nh6 29.Ncxe5 dxe5 30.Nxe5 Nf7
31.Nxd7 Qxd7 32.e5 Rh8 33.exf6+ Kg8 34.Qg1 Rh2 35.Qxh2 Bxh2 36.Kg2 Bg3 37.Bc4 Qa4
38.Bb3 Qxb4 39.Rd1 Qxc5 40.Rd4 Nd6  0-1

[Event "XXII Open"]
[Site "Reykjavik ISL"]
[Date "2006.03.08"]
[Round "3"]
[White "Mankeyev,Raua"]
[Black "Hagesaether,E"]
[Result "1-0"]
[WhiteElo "2381"]
[BlackElo "2202"]

1.d4 g6 2.c4 Nf6 3.Nc3 Bg7 4.e4 O-O 5.Nf3 d6 6.Be2 e5 7.O-O Nc6 8.d5 Ne7
9.Ne1 Ne8 10.Be3 f5 11.f3 f4 12.Bf2 g5 13.Nd3 h5 14.c5 Kh8 15.a4 Rg8 16.a5 Bf6
17.a6 b6 18.cxb6 cxb6 19.h3 g4 20.fxg4 hxg4 21.Bxg4 Bxg4 22.hxg4 Qd7 23.Qf3 Qxg4
24.Qxg4 Rxg4 25.Nb5 f3 26.Rfe1 fxg2 27.Re3 Bg7 28.Rh3+ Kg8 29.Rh4 Rg6 30.Nb4 Kf7
31.Rc1 Rc8 32.Rxc8 Nxc8 33.Nc6 Bf6 34.Rh7+ Rg7 35.Rxg7+ Kxg7 36.Kxg2 Bg5
37.Kf3 Kg6 38.b4 Bd2 39.Ke2 Bc1 40.Nbxa7  1-0

[Event "FSIMA March"]
[Site "Budapest HUN"]
[Date "2006.03.09"]
[Round "6"]
[White "Petran,Pa"]
[Black "Lengyel,B"]
[Result "0-1"]
[WhiteElo "2426"]
[BlackElo "2291"]

1.d4 Nf6 2.c4 g6 3.Nc3 Bg7 4.Nf3 O-O 5.e4 d6 6.Be2 e5 7.O-O Nc6 8.d5 Ne7
9.Nd2 Nd7 10.b4 f5 11.f3 f4 12.c5 g5 13.Nc4 Nf6 14.a4 Ng6 15.Ba3 Ne8 16.a5 Rf7
17.b5 Bf8 18.Na4 h5 19.b6 g4 20.fxg4 Qg5 21.gxh5 Nh4 22.Bf3 axb6 23.cxb6 Rg7
24.Ra2 Nxf3+ 25.Qxf3 Bg4 26.Qd3 cxb6 27.Naxb6 Rd8 28.Bb4 Nf6 29.Be1 Qxh5
30.Raf2 Qh7 31.Nd2 Bh5 32.Qh3 Ng4 33.Rf3 Qg6 34.Bh4 Re8 35.g3 Ne3 36.Rxe3 fxe3
37.Nf3 e2  0-1

[Event "ch-BLR"]
[Site "Minsk BLR"]
[Date "2006.03.15"]
[Round "12"]
[White "Dydyshko,V"]
[Black "Mihajlovskij,S"]
[Result "1/2-1/2"]
[WhiteElo "2547"]
[BlackElo "2408"]

1.d4 d6 2.Nf3 g6 3.c4 Bg7 4.Nc3 Nf6 5.e4 O-O 6.Be2 e5 7.O-O Nc6 8.d5 Ne7
9.b4 a5 10.bxa5 Rxa5 11.a4 Nh5 12.Re1 f5 13.Nd2 Nf6 14.Ba3 b6 15.Bd3 Bh6
16.Bb4 Ra8 17.Nb5 Bd7 18.f3 fxe4 19.Nxe4 Nxe4 20.fxe4 Bxb5 21.cxb5 Kg7 22.Ra3 Ng8
23.Be2 Qh4 24.Bf3 Nf6 25.g3 Qg5 26.Qc2 Rf7 27.Rc3 Qd2 28.Qb1 Qd4+ 29.Kg2 Rxa4
30.Rb3 Bd2 31.Bxd2 Qxd2+ 32.Re2 Qa5 33.Qc1 Rb4 34.Rc3 Qa7 35.Ra3 Ra4 36.Rea2 Rxa3
37.Rxa3 Qb8 38.Qc6 Qd8 39.Ra8 Qe7 40.h4 Nd7 41.Qxc7 Qf6 42.Qc3 Nc5 43.Qe3 h6  1/2-1/2

[Event "TCh-HUN 2005-6"]
[Site "Hungary HUN"]
[Date "2006.03.19"]
[Round "9"]
[White "Ruck,R"]
[Black "Acs,P"]
[Result "0-1"]
[WhiteElo "2540"]
[BlackElo "2518"]

1.Nf3 Nf6 2.c4 g6 3.Nc3 Bg7 4.e4 d6 5.d4 O-O 6.Be2 e5 7.O-O Nc6 8.Be3 Ng4
9.Bg5 f6 10.Bc1 f5 11.Bg5 Qd7 12.dxe5 Ngxe5 13.exf5 gxf5 14.Qd2 Qf7 15.Nd5 Be6
16.Rac1 Nxf3+ 17.Bxf3 Ne5 18.Ne7+ Kh8 19.Bxb7 Rae8 20.Nc6 Nxc4 21.Qf4 Nxb2
22.Qh4 Nd3 23.Rc2 Nc5 24.Nd8 Rxd8 25.Bxd8 Qd7 26.Be7 Re8 27.Bxd6 cxd6 28.Bf3 Bf7
29.g3 Ne4 30.Qf4 Qe6 31.Qe3 Qe7 32.Bg2 d5 33.Rfc1 d4 34.Qd3 Nc3 35.Bf3 Qc5
36.Qd2 Qb6 37.Re1 Rxe1+ 38.Qxe1 Qe6 39.Qd2 h6 40.Rb2 Ne4 41.Qc2 Ng5 42.Rb8+ Kh7
43.Bb7 Bh5 44.Kg2 Bg6 45.Qb3 Qxb3 46.axb3 Bf7 47.b4 Bf6 48.Ba6 Bd5+ 49.Kf1 Nf3
50.Rc8 Nxh2+ 51.Ke2 Bf3+ 52.Kd2 Ng4 53.Rc7+ Kg6 54.Rxa7 Nxf2 55.Bc4 Ne4+
56.Ke1 Be5 57.Bf7+ Kf6 58.Rd7 Bd6 59.b5 d3 60.Bb3 d2+  0-1

[Event "22nd Spring Festival Open"]
[Site "Budapest HUN"]
[Date "2006.03.24"]
[Round "2"]
[White "Schacht,H"]
[Black "Izso,I"]
[Result "1-0"]
[WhiteElo "2292"]
[BlackElo "1900"]

1.d4 Nf6 2.c4 g6 3.Nc3 Bg7 4.e4 d6 5.Nf3 O-O 6.Be2 e5 7.O-O Nc6 8.d5 Ne7
9.Nd2 Ne8 10.b4 b6 11.a4 a5 12.bxa5 Rxa5 13.Ba3 f5 14.Bb4 Ra8 15.a5 c5 16.Ba3 bxa5
17.Rb1 Nf6 18.Qb3 Bh6 19.Bc1 Nd7 20.Nb5 Nf6 21.Nc3 Nd7 22.Nb5 Rf6 23.Qc3 Bg7
24.Ra1 Nf8 25.f3 f4 26.Nb3 a4 27.Bd2 Nd7 28.Na5 Nb6 29.Rfb1 g5 30.Rb2 h5
31.Na3 g4 32.Rab1 Ra6 33.Be1 Rg6 34.Nc6 Nxc6 35.dxc6 Qc7 36.Rb5 Qxc6 37.Ra5 gxf3
38.Bxf3 Rxa5 39.Qxa5 Nd7 40.Nb5 Nb6 41.Na7 Nxc4 42.Qd8+ Bf8 43.Nxc6 Na3 44.Rb8 Rg7
45.Rxc8 Rf7 46.Bxh5  1-0

[Event "TCh-AUT 2005-6"]
[Site "Austria AUT"]
[Date "2006.03.25"]
[Round "10"]
[White "Markus,R"]
[Black "Polzin,R"]
[Result "1-0"]
[WhiteElo "2595"]
[BlackElo "2494"]

1.d4 Nf6 2.c4 g6 3.Nc3 Bg7 4.e4 d6 5.Nf3 O-O 6.Be2 e5 7.O-O Nc6 8.d5 Ne7
9.Ne1 Nd7 10.Nd3 f5 11.exf5 Nxf5 12.f3 Nd4 13.Nf2 Nf6 14.Nfe4 c6 15.Be3 Nxe4
16.Nxe4 cxd5 17.cxd5 Bf5 18.Bd3 Bxe4 19.Bxe4 Qb6 20.Rf2 Rac8 21.Qd3 Qb5 22.Qxb5 Nxb5
23.g3 Nd4 24.Kg2 a6 25.Re1 Nf5 26.Bd2 Nd4 27.h4 Bf6 28.h5 gxh5 29.Rh1 h4
30.gxh4 Rf7 31.Kh3 Kh8 32.Rg1 Rg8 33.Rxg8+ Kxg8 34.f4 Rg7 35.h5 Rg1 36.Rg2+ Rxg2
37.Kxg2 Ne2 38.fxe5 Bxe5 39.b3 Nf4+ 40.Kf3 Nxh5 41.Bf5 Bd4 42.Bc8 b6 43.Ke4 Bg1
44.Bxa6 Kf7 45.Bc8 Kf6 46.Kf3 Ke5 47.Bb7 Nf6 48.Bf4+ Kd4 49.Bxd6 Nxd5 50.a4 Nf6
51.Bc6 h5 52.b4 Nd5 53.Bd7 Nc3 54.a5 bxa5 55.Bc5+ Kd3 56.Bxg1 axb4 57.Bf5+ Kd2
58.Be3+ Kd1 59.Bd4 Kd2 60.Be6 Kc2 61.Ke3 Nb5 62.Bf6 b3 63.Bf5+ Kc1 64.Ke2 Na3
65.Bg6 Nc2 66.Bg5+ Kb2 67.Kd2 Na3 68.Bxh5 Nc4+ 69.Kd1 Ka1 70.Bf6+ b2 71.Bf7 Ne3+
72.Kd2 Kb1 73.Bb3 Nf1+ 74.Kd3 Ne3 75.Bc3 Nf5 76.Kd2 Nd6 77.Bd5 Nf5 78.Bf6 Ne3
79.Be6 Nf1+ 80.Kc3 Ne3 81.Kb3 Kc1 82.Bxb2+ Kd2 83.Bf7 Kd3 84.Bg6+ Kd2 85.Bg7 Ke2
86.Kc3 Nd5+ 87.Kd4 Nf4 88.Bf5 Kf3 89.Be4+ Kf2 90.Bh6 Ne6+ 91.Ke5 Nc5 92.Bf5 Ke2
93.Kd4 Nb3+ 94.Kc3 Nc5 95.Bf8 Nb7 96.Be4  1-0

[Event "TCh-CZE Extraliga 2005-6"]
[Site "Czech Rep CZE"]
[Date "2006.03.26"]
[Round "11"]
[White "Cifka,S"]
[Black "Zeleny,T"]
[Result "1/2-1/2"]
[WhiteElo "2310"]
[BlackElo "2244"]

1.d4 Nf6 2.c4 g6 3.Nc3 Bg7 4.e4 d6 5.Be2 O-O 6.Nf3 e5 7.O-O Nc6 8.d5 Ne7
9.b4 Nh5 10.Re1 f5 11.Ng5 Nf4 12.Bxf4 exf4 13.Rc1 h6 14.Ne6 Bxe6 15.dxe6 Be5
16.c5 Bxc3 17.Rxc3 fxe4 18.cxd6 cxd6 19.Bb5 d5 20.Bd7 Qb6 21.Rc5 Qxb4 22.Rb5 Qc3
23.Rb3 Qf6 24.Rxb7 f3 25.gxf3 Qh4 26.Qd4 Rxf3 27.Rb3 Raf8 28.Rxf3 Rxf3 29.Rb1 Rf8
30.Rb3 Qg5+ 31.Rg3 Qc1+ 32.Kg2 Qc7 33.Qb4 Qc2 34.Qxe7 Qxf2+ 35.Kh1 Qf1+ 36.Rg1 Qf3+
37.Rg2  1/2-1/2